00745cam a2200229Ia 450000100060000000300080000600500170001400800410003103500190007203500200009104000270011104100080013808200220014610000560016824500950022426000300031930000410034950000290039065100490041965100280046870000190049623861BD-RjUL20211209000959.0140311s1912 enka j 000 0 eng d a(BD-RjUL)23926 a(OCoLC)23951087 aCXPcCXPdBD-RjULbeng aeng002914.203aONN 19121 aO'Neill, Elizabethq(Elizabeth Speakman),db. 1877.12aA nursery history of England /cby Elizabeth and Mary O'Neill ; pictures by George Morrow. aLondon :bNelson ;c1912. a168 p. :bill. (some col.) ;c24 cm. aDecorated lining-papers. 0aGreat BritainxHistoryvJuvenile literature. 1aGreat BritainxHistory.1 aO'Neill, Mary.